000 00926nam a22003017a 4500
001 BR0003387
003 BR-BrBNA
005 20230928100727.0
007 ta
008 230509b bl.||||| |||| 00| 0 por d
040 _aBR-BrBNA
_bpor
_cBiblioteca Nacional de Agricultura
041 _a(Por)
072 _aF30; F01
_b1660
090 _ 1660 BR0003387
100 1 _aYuri, J.E.
110 1 _aUniversidade Federal de Lavras, MG (Brasil)
_0Tese (Mestre em Fitotecnia)
245 1 _aAvaliacao de cultivares de alface americana em duas epocas de plantio em dois locais do sul de Minas Gerais
260 3 _aLavras, MG (Brasil):
_c2000.
300 _a51 p.
500 _aSummaries (Eng, Por); Several bibliography
650 _aAlface
650 _aVariedade
650 _aEpoca de Plantio
650 _aComportamento de Variedade
650 _aMinas Gerais
909 _a202309
_bLucia
_c55
_dLucia Elande
942 _cBK
999 _c62519
_d62519